000 02013nam a2200373 c 4500
003 BLK
005 20230715005313.0
008 180911b bul|||||r ||||||| ||bul||
010 _a003818
040 _aBLK
041 _aRUS
_cBUL
080 _z882(081.1)
100 _aПушкин, Александр Сергеевич
_d1799-1837
_9262126
245 0 0 _aПолное собранiе его сочиненiй
_nТ. 3 и Т. 4
250 _a6. изд
260 _aСанкт Петербург
_bТипогр. В. В. Комарова
_c1900
_g1900
300 _aXXVIII, 398, VIII с., 1 л. : портрVI, 324 с., 1 л. : портр364, III с., 1 л. : портрII, 419 с., 1 л. : портр382, IV с., 1 л. : портр424, IV с., 1 л. : портр., 1 л. : к440, IV с., 1 л. : портр
_c23 см
380 _a82
490 _aЧастна колекция - Академик Михаил Арнаудов
_gДарение - Основен фонд
500 _aТ. 1-2 подв. заедно; Т.3-4 също, Т. 5 -6 също. - 1812-18241825-18301831-1836ПовестиСочинения 1815-1836История Пугачевскаго бунтаПисьма А. С. Пушкина - Михаил Арнаудов: негови-книганегови-лист-ръкопис .- Подчертавания в текста във всички томове Списък на стихове, томове и страници : Т. 1.
653 _aлирика
653 _aстихотворенияепос
653 _aпоемиепос
653 _aписма
655 _aруска литература
700 1 _aЕфремов, П. А.
_9396724
760 _h363 с. т. 3 + 418 с. т. 4
_nТ. 3 и Т. 4 в едно тяло
_tПолное собранiе его сочиненiй
852 _aМА 194
_bМА
942 _cKNG
_n0
_s1
944 _aCR
_c1995
_k
_lCRON CRON
999 _c345468
_d345468
999 _d345468
999 _d344154
999 _d344154